Call of Duty Black Ops 3 Shadows of Evil Quiz - Statistics

General Stats
  • This quiz has been taken 75 times
    30 since last reset
  • The average score is 12 of 19
Answer Stats
Hint Answer % Correct
Thing you have to become to access some areas The Beast
96%
Big 3 Headed Monster Margwa
92%
New Perk Added Widows Wine
92%
Mysterious Man telling you what to do The Shadow Man
88%
Once all 3 Fuses are in place you can summon this Civil Protector
81%
Starting Pistol Bloodhound
77%
Craft able Wonder Weapon Mar-Astagua
77%
Name of the craft able shield Rocket Shield
77%
Monkey Bomb type things Lil Arnie
69%
Ball like object used to trap things Summoning Key
65%
Playable Character who is Cop Jack Vincent
58%
Character who steals the above in a cutscene Edward Richtofen
50%
Flying Bugs Parasites
46%
Voice Actor of the Above Jeff Goldblum
42%
Playable Character who is a Magician Nero Blackstone
38%
Sword Name Apothicon Sword
31%
Playable Character that is a Boxer Floyd Campbell
27%
Playable Character that is a Dancer Jessica Rose
27%
Flying Monsters that try and stop you Keepers
27%
No matching quizzes found
Score Distribution
Percent of People with Each Score
Percentile by Number Answered
Your Score History
You have not taken this quiz since the last reset